000 04080namaa22004331i 4500
003 EG-GICUC
005 20260402110220.0
008 260309s2025 ua a|||frm||| 000 0 eng d
040 _aEG-GICUC
_beng
_cEG-GICUC
_dEG-GICUC
_erda
041 0 _aeng
_beng
_bara
049 _aDeposit
082 0 4 _a006.754
092 _a006.754
_221
097 _aPh.D
099 _aCai01.05.01.Ph.D.2025.Sh.S
100 0 _aSherif Fekri Mohamed Metwally,
_epreparation.
245 1 0 _aSocial media marketing influence on b2b sales performance :
_bA study on egyptian smes /
_cby Sherif Fekri Mohamed Metwally ; Supervised Prof. Dr. Hala Mohamed Labib Enaba, Dr. Hanan Yosry Sayed Emam.
246 1 5 _aأثر التسويق عبر وسائل التواصل الاجتماعي على اﻷداء البيعي للشركات العاملة في أسواق المنظمات :
_bدراسة على الشركات المصرية الصغيرة والمتوسطة
264 0 _c2025.
300 _a267 pages :
_billustrations ;
_c30 cm. +
_eCD.
336 _atext
_2rda content
337 _aUnmediated
_2rdamedia
338 _avolume
_2rdacarrier
502 _aThesis (Ph.D)-Cairo University, 2025.
504 _aBibliography: pages 218-234.
520 3 _aThis study investigates how Social Media Marketing (SMM) influences Sales Performance in Business-to-Business (B2B) context within Egyptian Small and Medium Enterprises (SMEs). Using a quantitative approach, the study analyzes survey data from 319 sample units via Structural Equation Modelling (SEM). Results confirm that SMM has significant positive effect on Sales Performance, mediated by Customer Engagement, Brand Awareness, and Relationship Building. The research fills a gap by demonstrating that SMM has a strategic value in emerging markets, where SMEs face unique challenges. Practical recommendations include developing targeted SMM strategies, investing in digital skills training, and implementing ROI metrics. These insights help B2B SMEs optimize Social Media for competitive advantage in resource-limited settings.
520 3 _aيهدف هذا البحث إلى التعرف على تأثير التسويق عبر وسائل التواصل الاجتماعي على أداء المبيعات في الشركات الصغيرة والمتوسطة المصرية العاملة في نطاق أعمال B2B. باستخدام منهج كمي، تم تحليل بيانات 319 استبانة من متخصصي التسويق باستخدام نمذجة المعادلات الهيكلية (SEM) وبرنامجSmartPLS. كشفت النتائج عن تأثير إيجابي كبير للتسويق عبر وسائل التواصل الاجتماعى على المبيعات، حيث تلعب عوامل الوساطة (تفاعل العملاء، الوعي بالعلامة التجارية، وبناء العلاقات) دوراً محورياً. توفر الدراسة إسهاماً نظرياً في فهم آليات التسويق الرقمي بالأسواق الناشئة، مع تقديم توصيات عملية للشركات لتعظيم الاستفادة من منصات التواصل الاجتماعي لتحسين الأداء التسويقي.
530 _aIssues also as CD.
546 _aText in English and abstract in Arabic & English.
650 0 _aSocial Media
650 0 _aوسائل التواصل الاجتماعي
653 1 _aSocial Media Marketing
_aBusiness-to-Business
_a Small and Medium Enterprises
_aBrand Awareness
_a Customer Engagement
_aRelationship Building
_aالتسويق عبر وسائل التواصل الاجتماعي
_aأسواق المنظمات
700 0 _aHala Mohamed Labib Enaba
_ethesis advisor.
700 0 _aHanan Yosry Sayed Emam
_ethesis advisor.
900 _b01-01-2025
_cHala Mohamed Labib Enaba
_cHanan Yosry Sayed Emam
_UCairo University
_FFaculty of Commerce
_DDepartment of Business Administration
905 _aShimaa
_eEman Ghareb
942 _2ddc
_cTH
_e21
_n0
999 _c178964